Geography Quiz

Random Geography or City Quiz

Renamed Places Quiz Stats

 Plays Quiz Updated Apr 5, 2018

Score 0/14 Timer 06:00
3 Plays Today
Previously Named Modern Name % Correct
PersiaIran
87.4%
ConstantinopleIstanbul
87.3%
New AmsterdamNew York City
82.1%
PekingBeijing
77.8%
MesopotamiaIraq
76.8%
BombayMumbai
69.7%
GaulFrance
68.8%
Previously Named Modern Name % Correct
SiamThailand
68.6%
CeylonSri Lanka
51.3%
Dutch East IndiesIndonesia
49.3%
Southern RhodesiaZimbabwe
48.8%
AbyssiniaEthiopia
34.5%
Tripolitania and CyrenaicaLibya
32.7%
NyasalandMalawi
15.2%

You're not logged in!

Compare scores with friends on all Sporcle quizzes.
OR
Log In

Sporcle TV

Today on Sporcle TV


Watch our educational content, quiz creation guides, and fun videos on Sporcle TV.

Show Comments

Extras

Top Quizzes Today


Score Distribution

Your Account Isn't Verified!

In order to create a playlist on Sporcle, you need to verify the email address you used during registration. Go to your Sporcle Settings to finish the process.

Report this User

Report this user for behavior that violates our Community Guidelines.

Details: